Basketball A-Z - Statistics

General Stats
  • This quiz has been taken 22,721 times
  • The average score is 17 of 26
Answer Stats
Clue Answer % Correct
N Denver team Nuggets
91%
D 1992 US Olympic team Dream Team
90%
J "His Airness" Jordan
90%
P New Orleans team Pelicans
86%
S Former Seattle team SuperSonics
85%
A Who Curry surpassed to set the all-time record for most three-pointers Allen
79%
E Knicks' all-time leading scorer Ewing
79%
M Stockton's pick-and-roll partner Malone
78%
C Dallas Mavericks owner Cuban
77%
W ____ the Stilt Wilt
76%
O All-time NBA blocks leader Olajuwon
68%
I #1 pick in the 1996 draft Iverson
65%
B Nickname of Bill Laimbeer's Pistons Bad Boys
64%
L Movie director and Knicks courtside presence Lee
63%
Y #1 pick in the 2002 draft Yao
63%
U School with the most NCAA championships UCLA
59%
G "The Iceman" Gervin
53%
H Kim Kardashian's ex-husband Humphries
50%
K #2 all-time in assists and steals Kidd
50%
X College basketball's Musketeers Xavier
50%
Z Alonzo Mourning's nickname Zo
50%
R Diminutive player and 3x dunk champion Robinson
49%
T Tex Winter's offense for the Chicago Bulls Triangle
49%
F Nickname of Michigan Wolverines basketball in 1991–92 Fab Five
47%
V "It's March Madness, baby!" Vitale
35%
Q Team name of NCAA's Penn Quakers
32%
No matching quizzes found
Score Distribution
Percent of People with Each Score
Percentile by Number Answered
Your Score History
You have not taken this quiz